México : la nueva macroeconomía /

Contenido: 1) El proceso de ajuste de la economía mexicana, 1982-1992; 2) De déficit a superávit: evolución reciente de la finanzas públicas en México, 1982-1992; 3) Cambio estructural y potencialidades de crecimiento de la agricultura mexicana, 1982-1991; 4) Cambio estructural y potencialidades de...

Descrición completa

Gardado en:
Detalles Bibliográficos
Autor Principal: López Gallardo, Julio (coord.)
Outros autores: Alcocer V., Jorge (presentación) (presentación)
Formato: Libro
Idioma:Lingua castelá
Publicado: México : Centro de Estudios para un Proyecto Nacional : Nuevo Horizonte, 1994, c1994
Temas:
Etiquetas: Engadir etiqueta
Sen Etiquetas, Sexa o primeiro en etiquetar este rexistro!

MARC

LEADER 00000nam^a2200000^a^4500
001 000312038
005 20250521000000.0
009 20260310113104.135
020 |a 968-6981-04-7 
037 |a Acervo ITESO - Biblioteca 
041 |a ESP 
082 |a 330. 972063  |b LOP 
100 |a López Gallardo, Julio  |e (coord.) 
245 1 0 |a México :  |b la nueva macroeconomía /  |c Coord. e introd. de J. López Gallardo ; presen. de J. Alcocer V. 
264 4 |a México :  |b Centro de Estudios para un Proyecto Nacional :  |b Nuevo Horizonte,  |c 1994, c1994 
300 |a 324 p. 
336 |a texto  |b txt  |2 rdacontenido 
337 |a sin mediación  |b n  |2 rdamedio 
338 |a volumen  |b nc  |2 rdasoporte 
520 |a Contenido: 1) El proceso de ajuste de la economía mexicana, 1982-1992; 2) De déficit a superávit: evolución reciente de la finanzas públicas en México, 1982-1992; 3) Cambio estructural y potencialidades de crecimiento de la agricultura mexicana, 1982-1991; 4) Cambio estructural y potencialidades de crecimiento del sector manufacturero en México (1982-1991); 5) El sector servicios de México en la última década: una visión retrospectiva de sus tendencias actuales; 6) Los problemas del ajuste en una economía abierta: una interpretación de la evolución reciente de la economía mexicana; 7) Matrices contables de los sectores institucionales y modelos macroeconómicos de economías semindustriales. 
649 |a XX 
650 |a Industria Manufacturera -  |z México 
650 |a Agricultura -  |z México -  |x Aspectos Económicos 
650 |a Sector Servicios -  |z México 
650 |a Macroeconomía -  |z México -  |x Tema Principal 
650 |a Economía -  |z México -  |x Historia -  |y 1982-1988 -  |x Tema Principal 
650 |a Economía -  |z México -  |x Historia -  |y 1988-1994 -  |x Tema Principal 
650 |a Economía -  |z México -  |x Historia -  |y Siglo XX 
650 |a México -  |x Condiciones Económicas 
700 |a Alcocer V., Jorge  |e (presentación) 
910 |a Fondo General 
920 |a Impresos - Libros 
930 |a Colección General 
905 |a 101 
901 |a 0500198646  |b IT1  |c ACC  |i D56296  |u 20250521 
902 |a https://opac.biblio.iteso.mx/vufind/Record/000312038